[Event "Kuala Lumpur Merdeka rapid op"]
[Site "Kuala Lumpur"]
[Date "2019.09.01"]
[Round "1"]
[White "Mohd Amer, Mohd Khairul Nizam"]
[Black "Yusof, Kamaluddin"]
[Result "0-1"]
[WhiteElo "1201"]
[BlackElo "1985"]
[PlyCount "82"]
[EventDate "2019.09.01"]
[EventType "swiss (rapid)"]
[EventRounds "7"]
[EventCountry "MAS"]
[SourceTitle "EXT 2020"]
[Source "ChessBase"]
[SourceDate "2019.10.17"]
[SourceVersion "1"]
[SourceVersionDate "2019.10.17"]
[SourceQuality "1"]

1. c4 d6 2. g3 f5 3. Bg2 Nf6 4. Nc3 e5 5. d3 c6 6. h3 g6 7. e3 Bg7 8. Nge2 0-0 9. 0-0 Na6 10. Kh2 Qe7 11. f4 Be6 12. b3 Rfd8 13. a3 Bf7 14. Qc2 Nc7 15. Bb2 Ne6 16. Rad1 exf4 17. Nxf4 Nxf4 18. exf4 Re8 19. b4 Nh5 20. Rde1 Qxe1 21. Rxe1 Rxe1 22. Bc1 Rae8 23. Bd2 R1e7 24. b5 Bd4 25. Bf3 d5 26. cxd5 cxd5 27. Qa4 Bf2 28. Bxh5 gxh5 29. d4 h4 30. gxh4 b6 31. Qd1 Bxd4 32. Qf3 Bc5 33. Kg3 d4 34. Nd5 Re6 35. h5 Kh8 36. Nc7 Re3 37. Nxe8 Rxf3+ 38. Kxf3 Bxe8 39. h6 Bxb5 40. Bb4 Kg8 41. h4 Kf7 0-1

[Event "Internet Section 10B g/8'+2\""]
[Site "Dos Hermanas"]
[Date "2004.03.11"]
[Round "1"]
[White "Gustafsson, Jan"]
[Black "Yusof, Kamaluddin"]
[Result "1-0"]
[WhiteElo "2571"]
[BlackElo "2193"]
[PlyCount "81"]
[EventDate "2004.03.10"]
[EventType "swiss (blitz)"]
[EventRounds "9"]
[EventCountry "ESP"]
[SourceTitle "EXT 2005"]
[Source "ChessBase"]
[SourceDate "2004.11.15"]
[SourceVersion "1"]
[SourceVersionDate "2004.11.15"]
[SourceQuality "1"]

1. d4 g6 2. e4 Bg7 3. Nf3 c6 4. Nbd2 d5 5. c3 Bg4 6. h3 Bxf3 7. Qxf3 dxe4 8. Nxe4 Nd7 9. Bc4 Ngf6 10. Nxf6+ Nxf6 11. 0-0 0-0 12. Re1 Nd5 13. Bg5 Re8 14. Re2 Qd7 15. Rae1 e6 16. h4 a5 17. a3 b5 18. Bb3 b4 19. axb4 axb4 20. c4 Nc7 21. Rd1 Bxd4 22. Bf6 c5 23. Qf4 e5 24. Qh6 Ne6 25. Bxe5 f5 26. h5 Qf7 27. hxg6 Qxg6 28. Qh2 Ng5 29. Kf1 Bxe5 30. Rxe5 Ne4 31. Bc2 Rad8 32. Rxe8+ Qxe8 33. Qf4 Rxd1+ 34. Bxd1 Qd7 35. Bc2 Qd2 36. Qxd2 Nxd2+ 37. Ke2 Ne4 38. Bxe4 fxe4 39. Ke3 Kf7 40. Kxe4 Ke6 41. g4 1-0

[Event "Internet Section 10B g/8'+2\""]
[Site "Dos Hermanas"]
[Date "2004.03.11"]
[Round "3"]
[White "Konguvel, Ponnuswamy"]
[Black "Yusof, Kamaluddin"]
[Result "1-0"]
[WhiteElo "2347"]
[BlackElo "2193"]
[PlyCount "147"]
[EventDate "2004.03.10"]
[EventType "swiss (blitz)"]
[EventRounds "9"]
[EventCountry "ESP"]
[SourceTitle "EXT 2005"]
[Source "ChessBase"]
[SourceDate "2004.11.15"]
[SourceVersion "1"]
[SourceVersionDate "2004.11.15"]
[SourceQuality "1"]

1. e4 c5 2. Nf3 Nc6 3. d4 cxd4 4. Nxd4 Qb6 5. c3 e6 6. Nb3 Nf6 7. Be3 Qc7 8. Bd3 d6 9. N1d2 Be7 10. Qc2 Ne5 11. Be2 0-0 12. h3 a6 13. f4 Nc6 14. g4 b5 15. g5 Nd7 16. Bd3 Re8 17. e5 g6 18. h4 dxe5 19. h5 Nf8 20. hxg6 fxg6 21. 0-0-0 exf4 22. Bc5 Ne5 23. Ne4 Nxd3+ 24. Qxd3 Bb7 25. Bxe7 Bxe4 26. Qxe4 Qxe7 27. Qxf4 e5 28. Qe3 Ne6 29. Qxe5 Qxg5+ 30. Qxg5 Nxg5 31. Rd7 Rac8 32. Nd4 b4 33. Kc2 bxc3 34. bxc3 Re3 35. Rd5 Rexc3+ 36. Kb2 Ne4 37. Rd7 Rb8+ 38. Ka1 Nf6 39. Rd6 Rd3 40. Rxf6 Rxd4 41. Rxa6 Rbd8 42. a4 Rd1+ 43. Rxd1 Rxd1+ 44. Kb2 Rd7 45. Ra8+ Kf7 46. a5 Ke6 47. a6 Kd6 48. Kb3 Kc6 49. Kb4 Kb6 50. Kc4 Ra7 51. Rh8 Kxa6 52. Kd5 Kb6 53. Ke6 Kc5 54. Kf6 Kd5 55. Kg5 Ke4 56. Rf8 Ra5+ 57. Kg4 Rf5 58. Re8+ Re5 59. Rf8 Ke3 60. Rf7 h5+ 61. Kh4 Re4+ 62. Kh3 g5 63. Rf5 Rh4+ 64. Kg3 Rg4+ 65. Kh3 Rg1 66. Kh2 Rg4 67. Kh3 Ke4 68. Rf8 Rf4 69. Rh8 Rf3+ 70. Kg2 h4 71. Re8+ Kf4 72. Rf8+ Ke4 73. Rxf3 g4 74. Rf8 1-0

[Event "Internet Section 14-B"]
[Site "Dos Hermanas"]
[Date "2003.03.14"]
[Round "3"]
[White "Baches Garcia, Guillermo"]
[Black "Yusof, Kamaluddin"]
[Result "1-0"]
[WhiteElo "2397"]
[BlackElo "2188"]
[PlyCount "103"]
[EventDate "2003.03.14"]
[EventType "swiss (blitz)"]
[EventRounds "9"]
[EventCountry "ESP"]
[SourceTitle "EXT 2004"]
[Source "ChessBase"]
[SourceDate "2003.11.25"]
[SourceVersion "1"]
[SourceVersionDate "2003.11.25"]
[SourceQuality "1"]

1. e4 c5 2. Nf3 Nc6 3. Bb5 g6 4. Bxc6 dxc6 5. d3 Bg7 6. h3 e5 7. Nc3 f6 8. Be3 b6 9. Qd2 a5 10. a4 Be6 11. 0-0 Qd7 12. Nh2 g5 13. Ne2 Ne7 14. b3 Rd8 15. Rad1 h5 16. f3 Ng6 17. Rf2 Nf4 18. Bxf4 gxf4 19. Kh1 Bh6 20. Ng1 Bg5 21. Nf1 Bh4 22. Re2 Rg8 23. Qc3 Kf7 24. Qb2 Rg6 25. Nd2 Rdg8 26. Nf1 Ke8 27. c3 Qg7 28. Rdd2 Qf7 29. d4 cxd4 30. cxd4 Bxb3 31. d5 Bc4 32. Qxb6 Kf8 33. Qc5+ Kg7 34. Qxc4 cxd5 35. Qxd5 Qxd5 36. Rxd5 Ra8 37. Nd2 Kh8 38. Nc4 Rg7 39. Red2 Rc7 40. Nd6 Rc1 41. Nf5 Be1 42. Rd1 Rxd1 43. Rxd1 Bf2 44. Rd2 Bc5 45. Rc2 Bb4 46. Rc6 Rd8 47. Kh2 Rd1 48. h4 Be1 49. Nh3 Ra1 50. Rxf6 Rxa4 51. Ng5 Ra2 52. Rf8# 1-0